=LDR 00000nam 2200000 4500 =001 INLIS000000000032023 =005 20130612134046 =008 ***********************************ind** =035 ##$$0010-061300000032023 =041 ##$$a ind =082 ##$$a .347.03 =090 ##$$a R.347.03, Ind e =245 ##$$a 4 Undang-undang tentang Hukum Republik Indonesia UU RI No.2 Th 2004, Komisi Yudisial, UU RI No 27 Th 2004 : Komisi Kebenaran dan Rekonsiliasi, UU RI No. 5 Th. 2004 :Perubahan atas UU RI No. 14 Th. 1985 tentang Mahkamah Agung, UU RI NO 24 Th. 2003 : Mahkamah Institusi =260 ##$$a 2007 $b Jakarta =300 ##$$a viii, 222 hlm, 21cm =650 ##$$a Mahkamah Agung =850 ##$$a NBPNMAT